[Event "POR Team Ch"]
[Site "Portugal"]
[Date "1994.??.??"]
[Round "?"]
[White "Almeida, Miguel Angel"]
[Black "Rocha, Sergio"]
[Result "0-1"]
[WhiteElo "2235"]
[BlackElo "2355"]
[PlyCount "132"]
[EventDate "1994.??.??"]
[Source "www.chesslib.no"]
[SourceDate "2004.05.04"]

1. f4 e5 2. fxe5 d6 3. exd6 Bxd6 4. Nf3 Bg4 5. g3 Nc6 6. Bg2 Qe7 7. d4 O-O-O 8. c3 f5 9. Bg5 Nf6 10. Nbd2 h6 11. Bxf6 Qxf6 12. O-O Rde8 13. Nc4 g5 14. Qb3 Nd8 15. Rae1 Bxf3 16. Bxf3 f4 17. e4 Qg6 18. e5 Be7 19. Be4 Qh5 20. Qd1 Qf7 21. Qd3 Ref8 22. b4 Kb8 23. d5 h5 24. Re2 h4 25. g4 Rh6 26. h3 Ra6 27. Bf3 Qg7 28. Rfe1 Nf7 29. Qe4 Nd8 30. Na5 Re8 31. Nb3 Bd6 32. Qd4 Be7 33. Nc5 Bxc5 34. bxc5 Qd7 35. e6 Qe7 36. Rd1 Qf8 37. Qc4 Qf6 38. Rb1 Ra3 39. Rb3 Rxb3 40. Qxb3 c6 41. dxc6 Rxe6 42. Rxe6 Qxe6 43. Qxe6 Nxe6 44. cxb7 Nxc5 45. Kf1 Nxb7 46. Ke2 Nc5 47. c4 Kc7 48. Kd2 Kd6 49. Kc3 Ke5 50. Bg2 a6 51. Bf3 Ne4+ 52. Kd3 Nf2+ 53. Ke2 Ne4 54. Kd3 Nc5+ 55. Kc3 Ne6 56. Kd3 a5 57. Bg2 Nc5+ 58. Kc3 Na6 59. Bf3 Nb4 60. a3 Na6 61. Kd3 Nc5+ 62. Kc3 Ne4+ 63. Kd3 Nf2+ 64. Ke2 Nxh3 65. Kf1 Kd4 66. Kg2 Kxc4 0-1

[Event "otb"]
[Site "otb"]
[Date "2007.04.06"]
[Round "5"]
[White "Olszynski Kazimierz"]
[Black "Bjornsson Sigurbjorn"]
[Result "0-1"]
[WhiteElo "2256"]
[BlackElo "2329"]
[PlyCount "48"]
[Source "www.chesslib.no"]
[SourceDate "2004.05.04"]

1. f4 e5 2. fxe5 Nc6 3. Nf3 d6 4. exd6 Bxd6 5. d4 Bg4 6. e3 Qe7 7. c3 f5 8. Be2 Nf6 9. Qd3 Ne4 10. Nbd2 O-O-O 11. Nc4 Bxf3 12. Nxd6+ Rxd6 13. Bxf3 Ne5 14. Qf1 Qh4+ 15. Ke2 Ng4 16. Bd2 Qg5 17. Qe1 Re8 18. Bxe4 Rxe4 19. Kd3 Rde6 20. Qf1 f4 21. exf4 Qf5 22. Kc4 Rc6+ 23. Kb3 Rb6+ 24. Kc2 Re2+ 0-1

[Event "Bucharest TIT"]
[Site "Bucharest"]
[Date "1999.03.07"]
[Round "7"]
[White "Berescu, Alin"]
[Black "Kutnik, Alexandru"]
[Result "1-0"]
[WhiteElo "2392"]
[BlackElo "2193"]
[PlyCount "47"]
[EventDate "1999.03.01"]
[Source "ChessBase"]
[SourceDate "1999.05.10"]

1. f4 e5 2. fxe5 d6 3. exd6 Bxd6 4. Nf3 Nf6 5. d4 Ng4 6. Qd3 Nc6 7. Qe4+ Ne7 8. Nc3 c6 9. Qd3 Qc7 10. Ne4 Bf5 11. Nxd6+ Qxd6 12. e4 Bg6 13. Nh4 Rd8 14. c3 c5 15. Be2 Ne5 16. Qb5+ Nd7 17. Nxg6 hxg6 18. e5 Qc7 19. O-O O-O 20. Bg5 Rde8 21. Bc4 Nb6 22. Bxf7+ Kh7 23. e6 Rd8 24. Qd3 1-0

[Event "St Petersburg (Women)"]
[Site "?"]
[Date "1998.??.??"]
[Round "10"]
[White "Lagvilava Genrieta"]
[Black "Stjazhkina Olga"]
[Result "1-0"]
[WhiteElo "2260"]
[BlackElo "2325"]
[PlyCount "77"]
[EventDate "1998.??.??"]
[Source "www.chesslib.no"]
[SourceDate "2004.05.04"]

1. f4 e5 2. fxe5 d6 3. e6 Bxe6 4. Nf3 Nf6 5. e3 d5 6. Be2 Bd6 7. O-O c6 8. b3 Qc7 9. Ba3 Nbd7 10. Bxd6 Qxd6 11. c4 O-O 12. Nc3 Ne5 13. cxd5 Nxd5 14. Ne4 Nxf3+ 15. Bxf3 Qe7 16. Ng3 Rad8 17. Qc2 Nb4 18. Qc3 Rd3 19. Qe5 f6 20. Qe4 Qd6 21. Qh4 f5 22. Qg5 Qd8 23. Qf4 Qd6 24. Be2 Rxd2 25. Bc4 Bxc4 26. Qxc4+ Qd5 27. Nxf5 Rf7 28. Qg4 h5 29. Qg5 Kf8 30. Nd6 Rxg2+ 31. Qxg2 Qxd6 32. Rxf7+ Kxf7 33. Rf1+ Kg8 34. Qe4 Qc5 35. Rf5 Qc1+ 36. Kg2 Qd2+ 37. Kg3 h4+ 38. Kg4 Qd7 39. Qxb4 1-0

[Event "Landesliga Sued 0001"]
[Site "?"]
[Date "2000.??.??"]
[Round "3"]
[White "Kuenzner Franz"]
[Black "Prediger Rupert"]
[Result "1/2-1/2"]
[WhiteElo "2302"]
[BlackElo "2278"]
[PlyCount "95"]
[EventDate "2000.??.??"]
[Source "www.chesslib.no"]
[SourceDate "2004.05.04"]

1. f4 e5 2. d3 exf4 3. Bxf4 d5 4. e4 dxe4 5. dxe4 Qxd1+ 6. Kxd1 Nf6 7. Bd3 c6 8. Nf3 Bc5 9. Nbd2 O-O 10. Nb3 Bb6 11. a4 Re8 12. a5 Bd8 13. Re1 Nbd7 14. h3 Nf8 15. Nfd4 Ng6 16. Bh2 Ne5 17. a6 Bb6 18. Nf5 Bc7 19. axb7 Bxb7 20. Bg1 g6 21. Nfd4 a5 22. Nc5 Bc8 23. Rf1 Nfd7 24. Ndb3 Nxc5 25. Nxc5 Rb8 26. Kc1 Rd8 27. Be2 Nd7 28. Bc4 Ne5 29. Bh2 Rf8 30. b3 Ra8 31. b4 Nxc4 32. Bxc7 Ba6 33. Rf6 Bb5 34. Bxa5 Rfd8 35. Nb3 Re8 36. Nc5 Red8 37. Rf2 Re8 38. c3 Kg7 39. Raa2 Re7 40. Rf4 h6 41. h4 Rae8 42. g4 Ra8 43. Kb1 Rea7 44. Nb3 Re7 45. Nd4 Rae8 46. Raf2 Ne5 47. Nxb5 cxb5 48. Rd2 1/2-1/2

[Event "Monarch Assurance 10th"]
[Site "Port Erin"]
[Date "2001.10.01"]
[Round "3"]
[White "Bousbouras, Spyridon"]
[Black "Shaw, John K"]
[Result "0-1"]
[WhiteElo "2102"]
[BlackElo "2478"]
[PlyCount "68"]
[EventDate "2001.09.29"]
[Source "ChessBase"]
[SourceDate "2001.10.26"]

1. f4 e5 2. e3 exf4 3. exf4 d5 4. g3 Bf5 5. d4 Qe7+ 6. Kf2 Nf6 7. Bg2 Ne4+ 8. Kf1 Nc6 9. c3 O-O-O 10. Nd2 Re8 11. Nxe4 Bxe4 12. Nf3 f6 13. a4 Na5 14. Kf2 Qd7 15. b3 Qc6 16. b4 Nc4 17. b5 Qd7 18. Ra2 Bd6 19. Re1 h6 20. Rae2 g5 21. Nd2 Nxd2 22. Bxd2 gxf4 23. Bxf4 Bxf4 24. gxf4 Rhg8 25. Bxe4 dxe4 26. Ke3 Qh3+ 27. Kd2 Qd3+ 28. Kc1 Qxc3+ 29. Kb1 f5 30. Rc2 Qb3+ 31. Kc1 Kb8 32. Rc5 Qa3+ 33. Kb1 Rg2 34. Re2 Reg8 0-1

[Event "III Sants Hostafrancs Open, Barcelona E"]
[Site "?"]
[Date "2001.??.??"]
[Round "?"]
[White "Pinazo Donoso, J."]
[Black "Granados Gomez, M."]
[Result "1-0"]
[WhiteElo "2155"]
[BlackElo "2425"]
[PlyCount "49"]
[EventDate "2001.??.??"]
[Source "www.chesslib.no"]
[SourceDate "2004.05.04"]

1. f4 e5 2. fxe5 d6 3. exd6 Bxd6 4. Nf3 g5 5. g3 g4 6. Nh4 Ne7 7. d4 Ng6 8. Nxg6 hxg6 9. Qd3 Nc6 10. c3 Bf5 11. e4 Qe7 12. Bg2 O-O-O 13. O-O Ne5 14. Qe3 Rxh2 15. Kxh2 Nf3+ 16. Rxf3 gxf3 17. Qxf3 Qh4+ 18. Kg1 Bxg3 19. exf5 c6 20. Be3 Rd5 21. fxg6 fxg6 22. Qe4 Qh2+ 23. Kf1 Rf5+ 24. Ke2 Bf4 25. Nd2 1-0

[Event "Kobanya Open"]
[Site "Kobanya"]
[Date "1991.??.??"]
[Round "4"]
[White "Szlabey, Geza"]
[Black "Emodi, Gyula"]
[Result "1/2-1/2"]
[WhiteElo "2270"]
[BlackElo "2310"]
[PlyCount "70"]
[EventDate "1991.??.??"]
[Source "www.chesslib.no"]
[SourceDate "2004.05.04"]

1. f4 e5 2. fxe5 d6 3. exd6 Bxd6 4. Nf3 g5 5. d4 g4 6. Ne5 Bxe5 7. dxe5 Qxd1+ 8. Kxd1 Nc6 9. Nc3 Be6 10. Bg5 Nge7 11. e4 O-O-O+ 12. Bd3 Rhg8 13. Bf6 Rd7 14. Ke2 Ng6 15. Rhd1 Ncxe5 16. Ke3 c6 17. b3 Rd6 18. Be2 Rxd1 19. Rxd1 Nd7 20. Bd4 f5 21. Kf2 f4 22. Kf1 Rf8 23. Bg7 Rf7 24. Bh6 Nde5 25. Rd6 f3 26. Bd1 Bd7 27. g3 Kc7 28. Rd2 b6 29. Na4 Re7 30. c4 Nf7 31. Bg7 Ng5 32. Bf6 Nxe4 33. Bxe7 Nxd2+ 34. Ke1 f2+ 35. Kxf2 Nxe7 1/2-1/2